Kremser Stadtteile auf einer Karte - Statistiken

Allgemein
  • Dieses Quiz wurde 35 mal gespielt
  • Das Durchschnittsergebnis liegt bei 7 aus 10
Antworten auf der Karte
Die Antworten werden auf der Karte rot bzw. grün angezeigt, abhängig davon wie oft sie richtig erraten wurden.
 
Antwortstatistiken
Nr. Stadtteil % Korrekt
VI Rehberg
90%
IV Stein
90%
V Egelsee
85%
VIII Gneixendorf
85%
III Mitterau
85%
IX Lerchenfeld
80%
I Innenstadt
65%
II Weinzierl
65%
X Krems-Süd
55%
VII Am Steindl
45%
Keine übereinstimmenden Quizze gefunden
Verteilung der Resultate
Anzahl Personen mit jedem Resultat
Perzentil nach korrekt beantworteten Fragen
Ihre Resultats-Entwicklung
Sie haben dieses Quiz noch nicht gespielt